Environmental health criteria; N.149 Carbendazim
محفوظ في:
| المؤلف الرئيسي: | |
|---|---|
| التنسيق: | كتاب |
| اللغة: | Undetermined |
| منشور في: |
Geneva
WHO
1993
|
| الموضوعات: | |
| الوسوم: |
إضافة وسم
لا توجد وسوم, كن أول من يضع وسما على هذه التسجيلة!
|
| Thư viện lưu trữ: | Trung tâm Học liệu Trường Đại học Cần Thơ |
|---|
| LEADER | 00678nam a2200193Ia 4500 | ||
|---|---|---|---|
| 001 | CTU_6545 | ||
| 008 | 210402s9999 xx 000 0 und d | ||
| 082 | |a 363.7384 | ||
| 082 | |b W927/E.149 | ||
| 100 | |a WHO | ||
| 245 | 0 | |a Environmental health criteria; N.149 | |
| 245 | 0 | |b Carbendazim | |
| 245 | 0 | |c WHO | |
| 260 | |a Geneva | ||
| 260 | |b WHO | ||
| 260 | |c 1993 | ||
| 650 | |a benzimidazoles - adverse effects,benzimidazoles - toxicity,environmental exposure,environmental sciences,fungicides, industrial - adverse effects,fungicides, industrial - toxicity,guidelines | ||
| 904 | |i Nguyễn Quang Điền, 960821 | ||
| 980 | |a Trung tâm Học liệu Trường Đại học Cần Thơ | ||